000 00521cam a22001934a 4500
005 20250605164306.0
008 250528s ||||||||||||||||||||||||d
035 _a22263
020 _a9789607182357
040 _aGR-AtMCL
_bgre
_dGR-AtMCL
_eAACR2
245 1 _aΣΥΝΕΚΑΠΙΔΕΥΣΗ ΚΑΙ ΑΝΑΠΗΡΙΑ
250 _a1
260 _bΠαπασωτηρίου,
_c2009
300 _a494
700 1 _aΜιχαηλιδης Κωνσταντινος
_98130
942 _cBK
999 _c7319
_d7319